| 000 | 01202 a2200325 4500 | ||
|---|---|---|---|
| 001 | 200002330 | ||
| 999 |
_c200002330 _d34112 |
||
| 003 | TR-AnTOB | ||
| 005 | 20230824113353.0 | ||
| 008 | 120616m20042006it 000 0 | ||
| 020 | _a9788889237015 | ||
| 040 | _aTR-AnTOB | ||
| 041 | _aita | ||
| 050 | _aPC1065 | ||
| 099 | _aPCIT COU PB ZIG 2006 | ||
| 100 |
_aZiglio, Luciana _970684 |
||
| 245 | 0 |
_aEspresso 2 : _besercizi supplementari / _cLuciana Ziglio, Albina Doliana. |
|
| 264 | 1 |
_aFirenze: _bAlma, _c2006. |
|
| 300 |
_a115 p.: _bill. ; _c21 cm. |
||
| 500 | _aLivello : A1 e A2 | ||
| 505 | _aI.Introduzione -- II.La famiglia -- III.Da piccola -- IV.Non e bello cio che e bello -- V.Appuntamenti -- VI.Buon viaggio! -- VII.L'importante e mangiare bene! -- VIII. Mens sana... -- IX.II mondo del lavoro -- X.Casa dolce casa... -- XI.Incontri -- XII.Soluzioni. | ||
| 650 | 0 | 0 |
_aItalian language _xStudy and teaching _971372 |
| 650 | 0 | 7 |
_aİtalyan dili _xÇalışma ve öğretim _2etuturkob _952327 |
| 700 | 1 |
_aCaponecchia, Andrea _970685 |
|
| 700 | 1 |
_aSegoloni, Sergio _970686 |
|
| 700 | 1 |
_aLange, Martin _970687 |
|
| 700 | 1 |
_aHansen, Astrid _970688 |
|
| 700 | 1 |
_aDoliana, Albina _971371 |
|
| 942 | _cBK | ||